<?xml version="1.0" encoding="UTF-8"?>
<marc:record xmlns:marc="http://www.loc.gov/MARC21/slim">
   <marc:leader>00000nam a2200000 a 4500</marc:leader>
   <marc:datafield ind1="1" ind2=" " tag="100">
      <marc:subfield code="a">Hunter, Erin</marc:subfield>
      <marc:subfield code="4">aut</marc:subfield>
      <marc:subfield code="e">Verfasser/-in</marc:subfield>
   </marc:datafield>
   <marc:datafield ind1=" " ind2=" " tag="653">
      <marc:subfield code="a">Katastrophe</marc:subfield>
   </marc:datafield>
   <marc:datafield ind1=" " ind2=" " tag="653">
      <marc:subfield code="a">Missverständnis</marc:subfield>
   </marc:datafield>
   <marc:datafield ind1="0" ind2="0" tag="245">
      <marc:subfield code="a">Der erste Kampf 3 - Staffel 5</marc:subfield>
   </marc:datafield>
   <marc:datafield ind1="0" ind2="0" tag="245">
      <marc:subfield code="b">Der Ursprung der Clans</marc:subfield>
   </marc:datafield>
   <marc:datafield ind1="0" ind2="0" tag="245">
      <marc:subfield code="c">Erin Hunter</marc:subfield>
   </marc:datafield>
   <marc:datafield ind1=" " ind2="1" tag="264">
      <marc:subfield code="a">Weinheim</marc:subfield>
      <marc:subfield code="b">Beltz &amp; Gelberg</marc:subfield>
      <marc:subfield code="c">2016</marc:subfield>
   </marc:datafield>
   <marc:datafield ind1="1" ind2=" " tag="490">
      <marc:subfield code="a">Warrior Cats / Erin Hunter/Staffel 5</marc:subfield>
      <marc:subfield code="v">//</marc:subfield>
   </marc:datafield>
   <marc:datafield ind1=" " ind2=" " tag="250">
      <marc:subfield code="a">Deutsche Erstausgabe</marc:subfield>
   </marc:datafield>
   <marc:datafield ind1="1" ind2=" " tag="520">
      <marc:subfield code="a">Grauer Flug steht unter Schock. Hat er doch immer fest daran geglaubt, dass Wald- und Moorkatzen in Frieden zusammenleben können. Doch nun wird sein Bruder Wolkenhimmel tatsächlich den Moorkatzen den Krieg erklären? Auch der junge Kater Donner lehnt das skrupellose Verhalten von Wolkenhimmel ab und kehrt kurzentschlossen zu den Moorkatzen zurück. Grauer Flug ist sich nun sicher: Er muss Wolkenhimmel aufsuchen, um Schlimmeres zu verhindern. Doch was als Missverständnis zwischen den beiden Brüdern beginnt, endet in einer Katastrophe. Es müssen sich alle, sowohl die Katzen aus den Bergen als auch Streuner und ehemalige Hauskätzchen, für eine Seite entscheiden. (Verlagstext)</marc:subfield>
   </marc:datafield>
   <marc:datafield ind1=" " ind2=" " tag="020">
      <marc:subfield code="a">9783407812117</marc:subfield>
      <marc:subfield code="9">9783407812117</marc:subfield>
   </marc:datafield>
   <marc:datafield ind1=" " ind2=" " tag="041">
      <marc:subfield code="a">ger</marc:subfield>
   </marc:datafield>
   <marc:datafield ind1=" " ind2=" " tag="300">
      <marc:subfield code="a">316 Seiten : Illustr</marc:subfield>
   </marc:datafield>
</marc:record>
